|
|
|
|
| LEADER |
00000cas a22000004a 4500 |
| 001 |
vtls010301427 |
| 003 |
SK-MaSNL |
| 005 |
20260228163224.0 |
| 008 |
110810d19601960xo wr p 0 b0hun |
| 040 |
|
|
|a SNK
|b slo
|c SNK
|e AACR2
|
| 041 |
0 |
|
|a hun
|
| 043 |
|
|
|a e-xo---
|
| 044 |
|
|
|a xo
|c SK
|
| 072 |
|
7 |
|a 352/354
|x Stupne miestnej, oblastnej a ústrednej správy
|2 konspekt
|
| 080 |
|
|
|a 353.9
|2 2011
|
| 080 |
|
|
|a 316.728
|2 2011
|
| 080 |
|
|
|a (437.67)
|2 2011
|
| 080 |
|
|
|a (051)+(054)(437.6)
|2 2011
|
| 245 |
0 |
0 |
|a Keleti hajnal
|b Kassa város és a kassai járás dolgozóinak hetilapja : SzKP és a JNB kiadása
|
| 260 |
|
|
|a Košice
|b OV KSS Košice
|b ONV Košice
|c 1960
|
| 300 |
|
|
|a 1 zv.
|c 47 cm
|
| 310 |
|
|
|a 1x týždenne
|
| 362 |
0 |
|
|a Évf. I, sz. 1 (2. apr. 1960)-évf. I, sz. 27 (1960)
|
| 500 |
|
|
|a Zmena podnázvu: od 15/1960, SzKP és a JNB kiadása
|
| 500 |
|
|
|a V tiráži: Keleti hajnal - Zora východu
|
| 500 |
|
|
|a Hlav. red. Jozef Henžel s red. radou. Za maď. vyd. zodp. red. Alexander Andreas
|
| 580 |
|
|
|a Od č. 28/1960 pokračoval pod názvom Hajnal
|
| 650 |
0 |
7 |
|a územná samospráva
|2 SNKPH
|9 802
|
| 650 |
0 |
7 |
|a spoločenský život
|2 SNKPH
|9 28654
|
| 651 |
|
7 |
|a Slovensko východné
|2 SNKPHgeo
|
| 655 |
|
7 |
|a regionálne periodiká
|2 SNKPH
|9 131775
|
| 700 |
1 |
|
|a Henžel, Jozef
|4 pbd
|9 268889
|
| 700 |
1 |
|
|a Andreas, Alexander
|4 pbd
|9 268890
|
| 775 |
0 |
|
|t Zora východu
|
| 785 |
0 |
0 |
|t Hajnal
|
| 910 |
|
|
|a snk
|
| 999 |
|
|
|c 9049
|d 10979
|